000 00366nam a2200157Ia 4500
003 RNL
008 090707b ii f a fnsan d
040 _aRCL
100 _aGhuman, Bikram Singh, ed.
_926090
245 _aSufimat ate Punjabi Sufi kaav
260 _aAmritsar
260 _bWaris Shah Foundation
260 _c2009
300 _a256p.
942 _cBK
999 _c22694
_d22694